000 00408nam a2200121Ia 4500
003 GCL
008 140319s9999 xx 000 0 ara d
040 _aGCL /
_cGCL
082 0 4 _a574.192
_bع ا
100 1 _aعبدالمنعم محمد الاعسر
245 1 0 _aاسس الكيمياء الحيوية /
_cعبدالمنعم محمد الاعسر
490 _aالهيئة العامة للاستعلامات
_v0
999 _c48302
_d48302